El arte de la herrería en México /

Obra sobre ejemplos distintivos de ornamentación y decoración en forja de hierro de Puebla, Oaxaca, Querétaro, Guanajuato, Zacatecas y la Ciudad de México. Entre los objetos fotografíados se encuentran rejas, barandales, canceles, cerraduras de arcones y adornos para muebles.

সংরক্ষণ করুন:
গ্রন্থ-পঞ্জীর বিবরন
প্রধান লেখক: González Manterola, José Ignacio (fotógrafo)
অন্যান্য লেখক: Castro Morales, Efraín (texto) (texto), Tovar y de Teresa, Guillermo (introducción) (introducción), Gonda de Garza Lagüera, Eva (presentación) (presentación)
বিন্যাস: গ্রন্থ
ভাষা:স্প্যানিশ
প্রকাশিত: México : Bancomer, Fundación BBVA, 1994, c1994
বিষয়গুলি:
ট্যাগগুলো: ট্যাগ যুক্ত করুন
কোনো ট্যাগ নেই, প্রথমজন হিসাবে ট্যাগ করুন!

MARC

LEADER 00000nam^a2200000^a^4500
001 000187932
005 20250521000000.0
009 20260310102321.034
020 |a 968-6258-46-9 
037 |a Acervo ITESO - Biblioteca 
041 |a ESP 
082 |a 739. 4772  |b GON 
100 |a González Manterola, José Ignacio  |e (fotógrafo) 
245 1 3 |a El arte de la herrería en México /  |c Fotografía de J.I. González Manterola ; presen. de E. Gonda de Garza Lagüera ; introd. de G. Tovar y de Teresa ; texto de E. Castro Morales. 
264 4 |a México :  |b Bancomer, Fundación BBVA,  |c 1994, c1994 
300 |a 231 p. 
336 |a texto  |b txt  |2 rdacontenido 
337 |a sin mediación  |b n  |2 rdamedio 
338 |a volumen  |b nc  |2 rdasoporte 
520 |a Obra sobre ejemplos distintivos de ornamentación y decoración en forja de hierro de Puebla, Oaxaca, Querétaro, Guanajuato, Zacatecas y la Ciudad de México. Entre los objetos fotografíados se encuentran rejas, barandales, canceles, cerraduras de arcones y adornos para muebles. 
649 |a XX 
650 |a Rejas y Cercas 
650 |a Pasamanos 
650 |a Canceles 
650 |a Herrería 
650 |a Cerraduras y Llaves 
650 |a Hierro Forjado -  |z México 
650 |a Artesanía de Metal -  |z México 
650 |a Decoración y Ornamentación -  |z México 
650 |a Arquitectura Mexicana -  |x Historia y Crítica 
650 |a Arte Mexicano -  |x Historia y Crítica 
700 |a Castro Morales, Efraín  |e (texto) 
700 |a Tovar y de Teresa, Guillermo  |e (introducción) 
700 |a Gonda de Garza Lagüera, Eva  |e (presentación) 
910 |a Fondo Julio de la Peña Lomelín 
920 |a Impresos - Libros 
930 |a Arquitectos Jaliscienses 
905 |a 115 
901 |a 0500130645  |b IT1  |c JAL  |u 20250521 
902 |a https://opac.biblio.iteso.mx/vufind/Record/000187932